LEADER 01038nam a2200229 i 4500 001 000000250738 003 CaOOAMICUS 005 20160817000000.0 008 160817s1837 it u000 u mul u 013 $a229643 040 $aSeMil$bita 245 10$aVol. 1. 300 $aXII, 187, 135 p. 490 0 $aBiblioteca scelta di opere greche e latine tradotte in lingua italiana ;$v51 500 $aLascito Card. C.M. Martini. 773 0 $aCatullus, Gaius Valerius <87-54 a.C.>$tCatullo Tibullo e Properzio di espurgata lezione ad uso della gioventù studiosa.$dMilano : Per Giovanni Silvestri, 1837.$kBiblioteca scelta di opere greche e latine tradotte in lingua italiana$g1$w()13655 830 0$aBiblioteca scelta di opere greche e latine tradotte in lingua italiana ;$v51.$0(OLS)http://semarc/title/35581 850 $aSeMil 852 $aSeMil$W1$xVenegono$y1$m1C II 16 FA$j201084$B201084$CSeMilBibl$Z2$F212840 $8I 941 1 $a4 961 $aLascito: Martini Card. Carlo Maria 996 $6245$aVol. 1$9(OLS)http://semarc/title/13429 LEADER 01112nam a2200277 i 4500 001 000000034116 003 CaOOAMICUS 005 20080329000000.0 008 080329s1977 it u000 u ita u 013 $a271 040 $aSeMil$bita 100 1 $aCitati, Pietro,$d<1930-2022>.$0(OLS)http://semarc/name/8609 245 10$aGoethe /$cPietro Citati. 260 $aMilano :$bMondadori,$c1977. 300 $a570 p. ;$c19 cm. 490 0 $aOscar saggi ;$v3 500 $aContiene : Cronologia. 600 14$aGoethe, Johann Wolfgang : von <1749-1832>.$0(OLS)http://semarc/subject/2194 650 4$aLetteratura tedesca - Storia - Sec. 18.-20.$0(OLS)http://semarc/subject/27980 650 4$aLetteratura tedesca - Storia - Sec. 18.-19.$0(OLS)http://semarc/subject/5624 830 0$aOscar saggi ;$v3.$0(OLS)http://semarc/title/10282 850 $aSeMil 852 $aSeMil$W1$xVenegono$y1$m1V III 85$j271$B271$CSeMilBibl$Z2$F271 $81 961 $aOmaggio: Poma mons. Gianfranco 996 $6245$aGoethe$9(OLS)http://semarc/title/45971 996 $6260$aMilano :$bMondadori$9(OLS)http://semarc/publisher/30335